| 000 | 00668nam a2200181Ia 4500 | ||
|---|---|---|---|
| 008 | 090124s9999 xx 000 0 und d | ||
| 082 | _b100359 | ||
| 100 | _aधामणकर बा. वि. (बाळकृष्ण विठ्ठल) | ||
| 245 | _a वीरसेन मंजिरी | ||
| 250 | _a1 | ||
| 260 | _c1920 | ||
| 300 | _a78 | ||
| 600 | _aधामणकर बा. वि. (बाळकृष्ण विठ्ठल) | ||
| 630 | _a वीरसेन मंजिरी | ||
| 700 | _aधामणकर बा. वि. (बाळकृष्ण विठ्ठल) | ||
| 730 | _a वीरसेन मंजिरी | ||
| 942 | _cBOOK | ||
| 999 |
_c146451 _d146451 |
||